1969 1292 1025 1608 1826 1002 1004 1112 1796 1880 1663 1201 1988 1732 1034 1821 1030 1371 1590 1972 1543 1586 1140 1628 1032 1064 1955 1145 1184 1161 1884 1221 1094 1971 1572 1099 1918 1662 1384 1994 1797 1112 1324 1695 1136 1728 1838 1935 1542 1616 1849 1228 1401 1825 1180 1201 1877 1729 1573 1710 1280 1729 1386 1049 1569 1041 1381 1184 1160 1568 1827 1317 1083 1904 1470 1364 1050 1868 1756 1365 1583 1743 1676 1748 1936 1177 1083 1466 1541 1822 1984 1761 1279 1471 1546 1360 1242 1094 1029 BCNSPRNW ULIB Ver.6.0+V

เปลี่ยนเป็นภาษาไทย

Change to English
 แสดงรายละเอียดบรรณานุกรม
  กลับหน้าหลัก

Brief Record : Get Marc (ISO 2709) : E-mail record : QR code < ปิดหน้าต่าง
LEADER : 00000nam 2200000uu 4500
001    13399124276
003     ULIB
008    150216s2557 000 0 tha d d
020    ^a9789740331766
060  4 ^aWB2541^bส191ก
100 0  ^aสนธยา สีละมาด
245 10 ^aกิจกรรมทางกายเพื่อสุขภาวะ /^cสนธยา สีละมาด
246 0  ^aPhysical activities for wellness
250    ^aพิมพ์ครั้งที่ 1
260    ^aกรุงเทพฯ : ^bสำนักพิมพ์แห่งจุฬาลงกรณ์มหาวิทยาลัย, ^c2557.
300    ^a436 หน้า : ^bภาพประกอบ
650  7 ^aการออกกำลังกาย
945    ^p270^l0^i039233
945    ^p270^l0^i039234
945    ^p270^l0^i039235
945    ^p270^l0^i039236
945    ^p270^l0^i039237
999    ^aทศพร
รายการนี้ยังไม่มีแท็ก
คุณยังไม่ได้ล็อกอิน คุณสามารถมีกิจกรรมร่วมกับเว็บไซต์ได้ แต่ต้องล็อกอินก่อน ::
  ล็อกอิน

รายการสื่อสารสนเทศ

ลำดับที่ ประเภท เลขเรียก/บาร์โค้ด สถานที่ สถานะ
1. วิทยาศาสตร์การแพทย์ และสุขภาพ
วิทยาศาสตร์การแพทย์ และสุขภาพ
สถานะ=หนังสือเก่า
WB2541 ส191ก ฉ.1 
  Barcode: 039233
ห้องสมุดวิทยาเขตสวรรค์ประชารักษ์
►ส่วนจัดเก็บหนังสือเก่า สปร
บนชั้น
  ขอยืม
2. วิทยาศาสตร์การแพทย์ และสุขภาพ
วิทยาศาสตร์การแพทย์ และสุขภาพ
สถานะ=หนังสือเก่า
WB2541 ส191ก ฉ.2 
  Barcode: 039234
ห้องสมุดวิทยาเขตสวรรค์ประชารักษ์
►ส่วนจัดเก็บหนังสือเก่า สปร
บนชั้น
  ขอยืม
3. วิทยาศาสตร์การแพทย์ และสุขภาพ
วิทยาศาสตร์การแพทย์ และสุขภาพ
สถานะ=หนังสือเก่า
WB2541 ส191ก ฉ.3 
  Barcode: 039235
ห้องสมุดวิทยาเขตสวรรค์ประชารักษ์
►ส่วนจัดเก็บหนังสือเก่า สปร
บนชั้น
  ขอยืม
4. วิทยาศาสตร์การแพทย์ และสุขภาพ
วิทยาศาสตร์การแพทย์ และสุขภาพ
สถานะ=หนังสือเก่า
WB2541 ส191ก ฉ.4 
  Barcode: 039236
ห้องสมุดวิทยาเขตสวรรค์ประชารักษ์
►ส่วนจัดเก็บหนังสือเก่า สปร
บนชั้น
  ขอยืม
5. วิทยาศาสตร์การแพทย์ และสุขภาพ
วิทยาศาสตร์การแพทย์ และสุขภาพ
สถานะ=หนังสือเก่า
WB2541 ส191ก ฉ.5 
  Barcode: 039237
ห้องสมุดวิทยาเขตสวรรค์ประชารักษ์
►ส่วนจัดเก็บหนังสือเก่า สปร
บนชั้น
  ขอยืม

รายการใกล้เคียง
    ผู้แต่ง [สนธยา สีละมาด]

    หัวเรื่อง [การออกกำลังกาย]

BibComment


ยังไม่เคยถูกคอมเมนท์

คอมเมนท์ทรัพยากรรายการนี้
  คอมเมนท์: กิจกรรมทางกายเพื..


 Copyright 2026. Bcnsprnw @Library